| 000 | 00000nam##2200000za#4500 |
| 001 | 9.599528 |
| 003 | CaOODSP |
| 005 | 20240501092930 |
| 007 | cr ||||||||||| |
| 008 | 150406|1996||||xxc|||||o f|0| 0 fre|d |
| 040 | |aCaOODSP|bfre |
| 043 | |an-cn--- |
| 086 | 1 |aPS83-3/46F-PDF |
| 110 | 2 |aService correctionnel Canada. |
| 245 | 10|aLes problèms graves de santé mentale ches les délinquantes : |h[ressource électronique]|benquête comparative / |cpar Kelley Blanchette et Laurence L. Motiuk. |
| 260 | |bService correctionnel Canada |cMai 1996. |
| 300 | |a29p.|bréférences, tableaux |
| 490 | 1 |aRapport de recherche|vR-46 |
| 590 | |a10-12-Supp|b2010-11-18 |
| 720 | 1 |aMotiuk, Laurence L. |
| 720 | 1 |aBlanchette, Kelley |
| 775 | 08|tFemale offenders with and without major mental health problems : |w(CaOODSP)9.568238 |
| 830 | #0|aRapport de recherche (Service correctionnel Canada. Direction de la recherche)|vR-46|w(CaOODSP)9.502465 |
| 856 | 40|ahttp://publications.gc.ca|qPDF|s85 Ko|uhttps://publications.gc.ca/collections/collection_2010/scc-csc/PS83-3-46-fra.pdf|yR-46 |